Время Императора Петра II и Императрицы Анны Иоанновны; Из записок князя П. В. Долгорукова

Detalhes bibliográficos
Autor principal: Долгоруков П. В. Петр Владимирович
Outros Autores: С. М. (переводчик)
Resumo:Иллюстрации на отдельных лмстах выполнены в технике фототипии с картин, находившихся в Третьяковской галерее, Румянцевском музее, Академии художеств.
Idioma:russo
Publicado em: Москва, Московское Книгоиздательское Товарищество "Образование", 1910
Edição:2-е изд.
Colecção:Русская быль
Assuntos:
Formato: MixedMaterials Livro
KOHA link:https://koha.lib.tpu.ru/cgi-bin/koha/opac-detail.pl?biblionumber=218184

MARC

LEADER 00000nam0a2200000 4500
001 218184
005 20231101230157.0
035 |a (RuTPU)RU\TPU\book\238195 
090 |a 218184 
100 |a 20120615d1910 km y0rusy50 ca 
101 1 |a rus  |c fre 
102 |a RU 
105 |a acf z 000zd 
200 1 |a Время Императора Петра II и Императрицы Анны Иоанновны  |a Из записок князя П. В. Долгорукова  |f П. В. Долгоруков  |g пер. с французского С. М. 
205 |a 2-е изд. 
210 |a Москва  |c Московское Книгоиздательское Товарищество "Образование"  |d 1910 
215 |a 168 с.  |c ил. 
225 1 |a Русская быль  |h вып.10 
300 |a Иллюстрации на отдельных лмстах выполнены в технике фототипии с картин, находившихся в Третьяковской галерее, Румянцевском музее, Академии художеств. 
316 |5 63413507: 73//59  |a Комбинированный владельческий переплет черного цвета, "мраморный" обрез. Серия на экземпляре не указана. 
317 |5 63413507: 73//59  |a Поступила в ноябре 1923 г. в дар от профессора ТТИ А. П. Малышева в составе коллекции. 
320 |a Примечания в конце текста 
390 |a Записки князя В. П. Долгорукова (1816-1868)- уникальный литературный и исторический материал. При их написании Долгоруков использовал не только архивные документы, но и рассказы и воспоминания участников событий. 
600 0 |a Петр  |d II  |c российский император из династии Романовых (1727-1730)  |c сын царевича Алексея Петровича  |f 1715-1730  |2 stltpush  |3 (RuTPU)RU\TPU\pers\671 
600 0 |a Анна Ивановна  |f 1693-1740  |c российская императрица из династии Романовых (1730-1740)  |c дочь царя Ивана V, племянница Петра I, герцогиня Курляндская с 1710 г.  |2 stltpush  |3 (RuTPU)RU\TPU\pers\6871 
600 1 |a Бирон  |g Эрнст Иоганн  |b Э. И.  |c граф, фаворит императрицы Анны Ивановны  |f 1690-1772  |2 stltpush  |3 (RuTPU)RU\TPU\pers\200 
600 1 |a Волынский  |b А. П.  |g Артемий Петрович  |c российский государственный деятель  |c дипломат  |f 1689-1740  |2 stltpush  |3 (RuTPU)RU\TPU\pers\12211 
610 1 |a история России 
610 1 |a Россия 
610 1 |a 18 век 
610 1 |a бироновщина 
610 1 |a дары библиотеке 
610 1 |a коллекция А. П. Малышева 
686 |a Т3(2)46  |v LBC/SL-A  |2 rubbk 
700 1 |a Долгоруков  |b П. В.  |c князь  |c историк  |c публицист  |f 1816-1868  |g Петр Владимирович  |2 stltpush  |3 (RuTPU)RU\TPU\pers\23465  |9 10223 
702 1 |a С. М.  |4 730 
801 1 |a RU  |b 63413507  |c 20120615 
801 2 |a RU  |b 63413507  |c 20170310  |g RCR 
942 |c BK